000 00662nam2a2200205 4500
001 RU\NLR\PER_B\2408524_1976_2
005 20260215044556.0
035 _a(NLR Aleph) 022719395
090 _a13548443
_c13548443
100 _a20260205d1976 u y0rusy50 ca
101 0 _arus
102 _aRU
200 0 _aТ. 2, Вып. 2
210 _d1976
461 0 _1001RU\NLR\INFOCOMM15\5000271774
_12001#$aФизика плазмы$fАН СССР$vТ. 2, Вып. 2
_91803549
_cМ.
_d1975 -
_fАН СССР
_nНаука
_tФизика плазмы
_x0367-2921
_vТ. 2, Вып. 2
852 _aNLR
_jП8/1132
942 _cISSUE
980 _aRUSPER
980 _aNB